1930-Perú-1980 : (Record no. 5486)

000 -CABECERA
fixed length control field 00835nam a22002057a 4500
003 - IDENTIFICADOR DEL NÚMERO DE CONTROL
control field AR-CdUCM
008 - DATOS DE LONGITUD FIJA--INFORMACIÓN GENERAL
fixed length control field 190312b ||||| |||| 00| 0 spa d
040 ## - FUENTE DE LA CATALOGACIÓN
Agencia/entidad que catalogó originalmente la obra MUNICIPALIDAD PROVINCIAL DEL CUSCO
Entidad que transcribió la catalogación BIBLIOTECA MUNICIPAL DEL CUSCO
082 ## - NÚMERO DE LA CLASIFICACIÓN DECIMAL DEWEY
No. de Clasificación 985 /
Notacion interna T48
100 ## - ENTRADA PRINCIPAL--NOMBRE DE PERSONA
Nombre Personal Thorndike Losada, Guillermo
245 ## - MENCIÓN DE TÍTULO
Título 1930-Perú-1980 :
Resto del título la república militar /
260 ## - PUBLICACIÓN, DISTRIBUCIÓN, ETC.
Lugar de publicación, distribución, etc. Lima :
Nombre de la editorial, distribuidor, etc. Universo,
Fecha de publicación, distribución, etc. 1979.
300 ## - DESCRIPCIÓN FÍSICA
Nº de Páginas Extensión 176 páginas ;
Otros detalles físicos ilustraciones, retratos,
Dimensiones 28 cm.
505 ## - NOTA DE CONTENIDO CON FORMATO
Nota de contenido formateada Contenido: El Francés que salvó a Leguía -- Derrocó a Pan Grande -- Civiles fracasados -- El hijo del Presidente -- En busca de presidente -- El triste fin de un dictador ...
650 ## - PUNTO DE ACCESO ADICIONAL DE MATERIA--TÉRMINO DE MATERIA
Descriptor Gobierno Revolucionario, 1968-1980
9 (RLIN) 6831
650 ## - PUNTO DE ACCESO ADICIONAL DE MATERIA--TÉRMINO DE MATERIA
Descriptor Perú - Historia
9 (RLIN) 7300
650 ## - PUNTO DE ACCESO ADICIONAL DE MATERIA--TÉRMINO DE MATERIA
Descriptor Aspectos políticos
9 (RLIN) 8399
942 ## - ELEMENTOS DE PUNTO DE ACCESO ADICIONAL (KOHA)
Fuente de clasificación
Tipo de item Libros-BMC
945 ## - PROCESAMIENTO DE INFORMACIÓN LOCAL (OCLC)
Catalogador achl
Holdings
Estado de retiro (separado) Fuente de clasificación o esquema de estanterías Estado dañado Ubicación Sala donde se ubica Nombre de la colección Fecha de adquisición o compra Costo, precio normal en soles Signatura topográfica Código de Barras Última vez visto (Koha) Tipo de ítem (Koha)
No     Sala Humanidades Sala Humanidades Book Cart 2019-03-12 35.00 985 / T48 SH0000005562 2019-03-12 Libros-BMC

Powered by Koha